De puluqui al cielo R.P. Luis Gallardo, s.j. un enfermo...apóstol entre los pobres

Bewaard in:
Bibliografische gegevens
Hoofdauteur: Olavarría Guerrero, Miguel Angel (autor)
Formaat: Boek
Taal:Spaans
Gepubliceerd in: Santiago Salesiana 1979
Onderwerpen:
Tags: Voeg label toe
Geen labels, Wees de eerste die dit record labelt!

MARC

LEADER 00000nam a2200000 a 4500
001 UCL4412
003 CL-VaPUC
008 040116e19790000CL |||||||||||||||||spa|d
082 0 4 |a 248.892  |b OLA  |2 21 
100 |a Olavarría Guerrero, Miguel Angel  |e autor  |9 481949 
245 1 0 |a De puluqui al cielo R.P. Luis Gallardo, s.j. un enfermo...apóstol entre los pobres 
300 |a 303 p 
942 |c BK 
945 |d 20040116 00:00:00  |a rbrito 
260 |a Santiago  |b Salesiana  |c 1979 
600 0 7 |a GALLARDO, LUIS A  |2 CL-VaPUC  |9 481950 
650 0 |a Jesuitas  |9 268366 
650 7 |a SACERDOTE  |2 CL-VaPUC  |9 399261 
650 0 |a Personas no religiosas  |9 349308 
583 |a last modification  |c 20040116 00:00:00  |k Rodrigo Vera 
999 |c 307258  |d 307256 
952 |0 0  |1 0  |4 0  |6 248_892000000000000_OLA_1979  |7 0  |8 A  |9 373030  |a BIBTEO  |b BIBTEO  |d 2019-11-21  |i 2087936  |o 248.892 OLA 1979  |p 2087936  |r 2025-01-17  |w 2019-11-21  |y BK  |k ICR